The journalist in India: a study of the press corps (Record no. 440696)

000 -LEADER
fixed length control field 00431cam a22001337a 4500
008 - FIXED-LENGTH DATA ELEMENTS--GENERAL INFORMATION
fixed length control field 180718b1956 xxu||||| |||| 00| 0 eng d
082 ## - DEWEY DECIMAL CLASSIFICATION NUMBER
Classification number I548x54 Sh86
100 ## - MAIN ENTRY--PERSONAL NAME
Personal name Shridharani, Krishnalal
245 ## - TITLE STATEMENT
Title The journalist in India: a study of the press corps
Statement of responsibility, etc. by Krishnalal Shridharani and Prakash C. Jain
260 ## - PUBLICATION, DISTRIBUTION, ETC.
Place of publication, distribution, etc. Calcutta
Name of publisher, distributor, etc. Patrika Syndicate
Date of publication, distribution, etc. 1956
300 ## - PHYSICAL DESCRIPTION
Extent 40p.
650 ## - SUBJECT ADDED ENTRY--TOPICAL TERM
Topical term or geographic name entry element Journalists India
700 ## - ADDED ENTRY--PERSONAL NAME
Personal name Jain, Prakash C.
Holdings
Withdrawn status Lost status Damaged status Not for loan Permanent Location Current Location Date acquired Full call number Barcode Date last seen Price effective from Koha item type
        Indian Institute of Public Administration Indian Institute of Public Administration 2010-05-25 I548x54 Sh86 6713 2018-07-21 2018-07-21 Book

Powered by Koha